000 00523nam a2200181Ia 4500
005 20251020182615.0
008 200515s9999 xx 000 0 und d
082 _aSC/691/B96/1993
245 0 _aGuía de materiales: construcción, minería, metalmecánica, 1993
260 _aLima
260 _c1993
300 _a394
520 _aGuía de referencia sobre proveedores en construcción, minería, metalmecánica
650 _aCONSTRUCCION
650 _aGUIAS
650 _aMATERIALES DE CONSTRUCCION
942 _cLIB
999 _c3467
_d3467